000 00246nam a2200097Ia 4500
001 1166558
005 20250827011802.0
008 250824s9999 xx 000 0 und d
245 0 _aHER ŞEY VAKTİNİ BEKLER
_cHAKAN ME
260 _bDESTEK YAYINLARI
999 _c1166558
_d1166558